书目信息 |
| 题名: |
安全驾驶从这里开始
|
|
| 作者: | ;中华人民共和国交通部 编 | |
| 分册: | ||
| 出版信息: | 北京 人民交通出版社 2005 |
|
| 页数: | 238页 | |
| 开本: | 24cm | |
| 丛书名: | ||
| 单 册: | ||
| 中图分类: | U471.3 | |
| 科图分类: | ||
| 主题词: | 机动车--驾驶员--安全技术--技术教育--教材 , 机动车 , 驾驶员 | |
| 电子资源: | ||
| ISBN: | 978-7-114-05421-1 | |
| 000 | 01001nam0 2200265 45 | |
| 001 | 1133608719 | |
| 005 | 20110413094008.46 | |
| 010 | @a978-7-114-05421-1@dCNY40.00 | |
| 100 | @a20110407e20072005em y0chiy0110 ea | |
| 101 | 0 | @achi |
| 102 | @aCN@b110000 | |
| 105 | @aa z 000yy | |
| 106 | @ar | |
| 200 | 1 | @a安全驾驶从这里开始@AAn Quan Jia Shi Cong Zhe Li Kai Shi@f中华人民共和国交通部[编]@FZhong Hua Ren Min Gong He Guo Jiao Tong Bu [ Bian ] |
| 210 | @a北京@c人民交通出版社@d2005@h2007 | |
| 215 | @a238页@c图@d24cm | |
| 300 | @a中华人民共和国机动车驾驶员培训教材 | |
| 330 | @a本书是中华人民共和国交通部根据2004年12月31日发布的《中华人民共和国机动车驾驶员培训教学大纲》(交公路发[2004]778号)编写的驾驶员培训教材。 | |
| 606 | 0 | @a机动车@x驾驶员@x安全技术@x技术教育@j教材 |
| 606 | 0 | @a机动车 |
| 606 | 0 | @a驾驶员 |
| 690 | @aU471.3@v4 | |
| 711 | 02 | @a中华人民共和国交通部@AZhong Hua Ren Min Gong He Guo Jiao Tong Bu@4编 |
| 801 | 0 | @aCN@bTANGWEI@c20110413 |
| 905 | @b0535257-60@dU471.3@e213@f4 | |
| 安全驾驶从这里开始/中华人民共和国交通部[编].-北京:人民交通出版社,2005(2007) |
| 238页:图;24cm |
| 中华人民共和国机动车驾驶员培训教材 |
| ISBN 978-7-114-05421-1:CNY40.00 |
| 本书是中华人民共和国交通部根据2004年12月31日发布的《中华人民共和国机动车驾驶员培训教学大纲》(交公路发[2004]778号)编写的驾驶员培训教材。 |
| ● |
| 相关链接 |
|
|
|
|
正题名:安全驾驶从这里开始
索取号:U471.3/213
 
预约/预借
| 序号 | 登录号 | 条形码 | 馆藏地/架位号 | 状态 | 备注 |
| 1 | 0535257 | 205352571 | 第二样本阅览室/ [索取号:U471.3/213] | 在馆 | |
| 2 | 0535258 | 205352580 | 第三借阅区/ [索取号:U471.3/213] | 在馆 | |
| 3 | 0535259 | 205352599 | 第三借阅区/ [索取号:U471.3/213] | 在馆 | |
| 4 | 0535260 | 205352606 | 第三借阅区/ [索取号:U471.3/213] | 在馆 |